Bioinformatics and the cell and Molecular Biology (Record no. 4105)
[ view plain ]
| 000 -LEADER | |
|---|---|
| fixed length control field | 00418nam a22001457a 4500 |
| 008 - FIXED-LENGTH DATA ELEMENTS--GENERAL INFORMATION | |
| fixed length control field | 250703b |||||||| |||| 00| 0 eng d |
| 020 ## - INTERNATIONAL STANDARD BOOK NUMBER | |
| ISBN | 9788195352593 |
| 100 ## - MAIN ENTRY--AUTHOR | |
| Author | ba-wan Waheed Khawar |
| 245 ## - TITLE STATEMENT | |
| Title | Bioinformatics and the cell and Molecular Biology |
| 260 ## - PUBLICATION, DISTRIBUTION, ETC. (IMPRINT) | |
| Place of publication | Delhi (India) |
| Name of publisher | Amiga Press Inc |
| Date of publication | 2022 |
| 300 ## - COLLATION | |
| Pagination | 329p. |
| 650 ## - TRACINGS | |
| Main Subject | Science/ Life Science/ Biochemistry |
| 942 ## - ADDED ENTRY ELEMENTS (KOHA) | |
| Item type | Books |
| 050 ## - LIBRARY OF CONGRESS CALL NUMBER | |
| Classification number | QP 171 |
| Item number | .B35 |
| Source of classification or shelving scheme | Not for loan | Permanent location | Current location | Date acquired | Accession No. | Full call number | Barcode. | Koha item type |
|---|---|---|---|---|---|---|---|---|
| Library of Congress Classification | Samuel Ogbemudia Main Library, University of Abuja | Samuel Ogbemudia Main Library, University of Abuja | 07/03/2025 | 2023/61874 | QP 171.B35 | 2025-2838 | Books |